Bytový dom

Saved in:
Bibliographic Details
Main Author: Jastrabík, Samuel (Author)
Other Authors: Funtík, Tomáš (Thesis advisor)
Format: Manuscript Book
Language:Slovak
Published: 2025
Subjects:
Online Access:http://is.stuba.sk/zp/portal_zp.pl?podrobnosti=174764
CRZP
Tags: Add Tag
No Tags, Be the first to tag this record!

MARC

LEADER 00000ntm a22000003a 4500
001 stuzp105361
003 SK-STU
005 20250724134835.4
007 ta
008 150427s2015----xo-----f-mn---000-0-slo-d
040 |a STU  |b slo 
041 0 |a slo 
100 1 |a Jastrabík, Samuel  |u 010270  |4 aut  |U SvF Stavebná fakulta  |T SvF Katedra technológie stavieb  |X 120289  |U V270  |Y 28  |7 120289 
242 0 1 |a Residential House  |y eng 
245 1 0 |a Bytový dom 
260 |c 2025 
650 4 |a projekt organizácie výstavby  |2 slo 
650 4 |a zelená extenzívna strecha  |2 slo 
650 4 |a bytový dom  |2 slo 
650 4 |a green extensive roof  |2 eng 
650 4 |a site organization project  |2 eng 
650 4 |a residential building  |2 eng 
700 1 |a Funtík, Tomáš  |u 010270  |k Z1  |4 ths  |U SvF Stavebná fakulta  |T SvF Katedra technológie stavieb  |X 22617  |U V270  |Y 28  |7 A000022617 
856 4 |u http://is.stuba.sk/zp/portal_zp.pl?podrobnosti=174764 
856 4 |u https://opac.crzp.sk/?fn=detailBiblioForm&sid=0E3CFF6F9736DEA12138F1811818  |z CRZP